| 000 | 01814cam a22004694i 4500 | ||
|---|---|---|---|
| 003 | PE-LiUPU | ||
| 005 | 20250731165409.0 | ||
| 008 | 151019s2011 pe grm 000 0 spa d | ||
| 035 | _a(Sirsi) a154943 | ||
| 040 |
_aPE-LiUPU _bspa _cPE-LiUPU _erda |
||
| 099 |
_aTEF 2 _bCa29 2011 |
||
| 100 | 1 |
_aCastillo Asencio, Karen Liliana _eautor |
|
| 245 | 1 |
_aRelación del nivel del conocimiento y práctica del modelo SOAPIE en la calidad de las anotaciones del profesional de enfermería del Hospital II de Vitarte 2011 / _cKaren Liliana Castillo Asencio. |
|
| 264 | 0 | _c2011. | |
| 300 |
_a124 hojas _c30 cm |
||
| 336 |
_atext _2rdacontent |
||
| 337 |
_aunmediated _2rdamedia |
||
| 338 |
_avolume _2rdacarrier |
||
| 502 |
_aTesis _b(Lic.) -- _cUniversidad Peruana Unión, _d2011. |
||
| 504 | _aIncluye referencias | ||
| 520 | 3 | _aEl propósito de esta investigación fue determinar la relación del nivel de conocimiento y practica del modelo SOAPIE en la calidad de la estructura y contenido de las anotaciones del profesional de enfermería del Hospital II de Vitarte. La investigación fue de tipo cuantitativo de diseño no experimental de corte transversal y de alcance descriptivo, correlacional. | |
| 526 | _aSEG44 | ||
| 526 | _aSEG26 | ||
| 526 | _aP151 | ||
| 526 | _aP150 | ||
| 526 | _aP149 | ||
| 526 | _aP146 | ||
| 526 | _aP145 | ||
| 526 | _aP126 | ||
| 526 | _aP125 | ||
| 526 | _aP92 | ||
| 526 | _aP75 | ||
| 526 | _aP74 | ||
| 526 | _aP27 | ||
| 526 | _aP15 | ||
| 650 | 0 | 4 | _aRegistros de Enfermería. |
| 650 | 0 | 4 | _aAtención de Enfermería. |
| 650 | 0 | 4 | _aHospitalización. |
| 596 | _a1 | ||
| 942 |
_2ddc _cTESIS |
||
| 999 |
_aTEF 2 CA29 2011 _wALPHANUM _c7636 _iT01254 _lCCODEBUL3 _mBUL _r1 _sY _tTESIS _u2015-10-19 _xSALUD _PP22 _o.STAFF. Tesis _d7636 |
||
| 980 |
_81 _gALBERTO SANCHEZ Responsable de Automatización |
||